000 00597nam a22001817a 4500
999 _c12627
_d12627
008 190131b ||||| |||| 00| 0 eng d
020 _a971-542-291-8
082 _22001
_aDFil 899.211
_bP53
245 _aOrigin of the "sinulog dance"(Cebuano)/
_cDamiana Eugenio [Compiler and Editor]
260 _aQuezon City:
_bUP Press;
_c©2001
300 _aPage 331-332;
_c22.5 cm.
500 _aPhilippine folk literature: The myths
650 _aMythology
_935720
650 _aLegends
_935721
650 _aPhilippine folk literature (English)
_935722
650 _aFolklore
_935723
942 _2ddc
_cDFIL